000 00591nam a2200241Ia 4500
003 OSt
005 20221005124431.0
006 a|||||r|||| 00| 0
007 ta
008 221004b |||||||| |||| 00| 0 ben d
024 _a22915
037 _cTextual
040 _aCRL
_cCRL
_bben
041 _2ben
_aben
082 _aV26255.M3, 157L8
100 _aRoy Nikhilnath
_9635231
245 0 _aMurshidabad kahini
260 _c1978
650 _a HISTORY
650 _aHISTORY
942 _hV26255.M3, 157L8
_cTEXL
_2cc
999 _c1050469
_d1050469